[Event "33. Seebach-Open"]
[Site "Grossenseebach"]
[Date "2024.06.01"]
[Round "5.17"]
[White "Basel, Moritz"]
[Black "Sattler, Stefan"]
[Result "0-1"]
[WhiteElo "1810"]
[BlackElo "2085"]
[PlyCount "42"]
[EventDate "2024.??.??"]
[WhiteTeam "SC Kitzingen von 1905"]
[BlackTeam "SK 1911 Herzogenaurach e.V."]

1. e4 e6 2. Qe2 Be7 3. f4 d5 4. e5 Nh6 5. b3 c5 6. Bb2 Nc6 7. Nc3 a6 8. d3 b5
9. Nf3 Nf5 10. Qd2 h5 11. Ne2 d4 12. c3 h4 13. Rc1 Bb7 14. cxd4 cxd4 15. Rxc6
Bxc6 16. Nfxd4 Nxd4 17. Nxd4 Bb7 18. b4 Rc8 19. a3 Qd5 20. Kf2 Bd8 21. Nf3 Qb3
0-1

[Event "33. Seebach-Open"]
[Site "Grossenseebach"]
[Date "2024.06.01"]
[Round "5.18"]
[White "Krupke, Sven"]
[Black "Wachter, Michael"]
[Result "1-0"]
[WhiteElo "2085"]
[BlackElo "1779"]
[PlyCount "61"]
[EventDate "2024.??.??"]
[WhiteTeam "SF Rosenheim e.V."]
[BlackTeam "SC 1868 Bamberg"]

1. d4 d5 2. Nf3 Nf6 3. e3 c5 4. c3 Bf5 5. dxc5 e6 6. Bb5+ Nfd7 7. b4 Be7 8.
Nbd2 Bf6 9. Nd4 Bg6 10. Bb2 O-O 11. O-O b6 12. cxb6 Nxb6 13. Qe2 N8d7 14. a4 e5
15. N4b3 e4 16. a5 Nc4 17. Nxc4 dxc4 18. Rfd1 cxb3 19. Rxd7 Qb8 20. Rad1 Qe5
21. R1d5 Qb8 22. Bc6 Be5 23. g3 h5 24. Bxa8 h4 25. Qb5 hxg3 26. Qxb8 gxh2+ 27.
Kg2 Bh5 28. Qxf8+ Kxf8 29. Rd8+ Ke7 30. Rxe5+ Kxd8 31. Rxh5 1-0

[Event "33. Seebach-Open"]
[Site "Grossenseebach"]
[Date "2024.06.01"]
[Round "5.19"]
[White "Martin Fernandez, Rafael"]
[Black "Barsov, Vladislav"]
[Result "1-0"]
[WhiteElo "1991"]
[BlackElo "1733"]
[PlyCount "65"]
[EventDate "2024.??.??"]
[WhiteTeam "SC Erlangen 48/88"]
[BlackTeam "SK Gräfelfing"]

1. d4 g6 2. e4 Bg7 3. c4 d6 4. Nc3 Nc6 5. Nf3 e5 6. d5 Nce7 7. Be2 f5 8. Ng5
Nf6 9. f3 O-O 10. Be3 h6 11. Ne6 Bxe6 12. dxe6 Kh7 13. Qd3 Re8 14. Nd5 f4 15.
Bf2 Nc6 16. O-O-O Rxe6 17. g3 fxg3 18. hxg3 Ne7 19. Nc3 c6 20. f4 Nfg8 21. Bg4
Rf6 22. Bc5 Qa5 23. Bxd6 Rd8 24. fxe5 Rff8 25. Qe3 h5 26. Bxh5 Bh6 27. Be2 Rxd6
28. exd6 Qh5 29. Rxh5 gxh5 30. Qxh6+ Kxh6 31. dxe7 Nxe7 32. Rd7 Ng6 33. Rxb7
1-0

[Event "33. Seebach-Open"]
[Site "Grossenseebach"]
[Date "2024.06.01"]
[Round "5.20"]
[White "Meulner, Klaus"]
[Black "Becker, Werner"]
[Result "1-0"]
[WhiteElo "1986"]
[BlackElo "1669"]
[PlyCount "111"]
[EventDate "2024.??.??"]
[WhiteTeam "SC Schwarz-Weiß Nürnberg Süd e.V"]
[BlackTeam "SC Rochade e.V."]

1. d4 d5 2. Nf3 Bf5 3. c4 e6 4. Nc3 Nf6 5. Bg5 Be7 6. e3 Nbd7 7. Rc1 dxc4 8.
Bxc4 c6 9. O-O O-O 10. h3 Nb6 11. Bb3 Nfd5 12. Bxe7 Qxe7 13. Qe2 Bg6 14. Ne5
Nd7 15. Nxg6 hxg6 16. Na4 Rfc8 17. e4 N5b6 18. Nc3 a6 19. Rfd1 Nf6 20. e5 Nfd5
21. Ne4 Rc7 22. Qd2 Rac8 23. Nd6 Rd8 24. Qa5 Nc8 25. Ne4 Nf4 26. Qd2 Nd5 27.
Nc5 Ncb6 28. g3 Nd7 29. Ne4 N5b6 30. Qf4 Nf8 31. a3 Rcd7 32. Nc5 Rc7 33. h4 Nd5
34. Qf3 Nd7 35. Ne4 Nf8 36. Nd6 Rcd7 37. Kg2 Nc7 38. Nxb7 Rb8 39. Na5 Qe8 40.
Nxc6 Rb6 41. Qc3 Nd5 42. Bxd5 Rxd5 43. b4 Rd7 44. Na5 Qa8+ 45. Qf3 Rd5 46. Rc5
Nd7 47. Rxd5 exd5 48. Rc1 Re6 49. Rc7 Qd8 50. Qc3 Nb6 51. Nb7 Qb8 52. Nd6 Qf8
53. Rxf7 Qxf7 54. Nxf7 Kxf7 55. Qc7+ Kg8 56. Qb7 1-0

[Event "33. Seebach-Open"]
[Site "Grossenseebach"]
[Date "2024.06.01"]
[Round "5.21"]
[White "Schwarzmann, Tobias"]
[Black "Galter, Norbert"]
[Result "1/2-1/2"]
[WhiteElo "1953"]
[BlackElo "1507"]
[PlyCount "44"]
[EventDate "2024.??.??"]
[WhiteTeam "SC Höchstadt/Aisch"]
[BlackTeam "Spvg Zabo-Eintracht Nürnberg e.V"]

1. e4 e5 2. Nf3 Nf6 3. d3 Nc6 4. Bg5 Bb4+ 5. c3 Be7 6. h3 d5 7. Nbd2 a6 8. Qc2
Be6 9. exd5 Qxd5 10. Ne4 Nxe4 11. dxe4 Qd8 12. Be3 O-O 13. Be2 f5 14. exf5 Bxf5
15. Qb3+ Kh8 16. Rd1 Qe8 17. Rd2 e4 18. Nd4 Nxd4 19. cxd4 a5 20. a3 b6 21. Rc2
Bd6 22. Bc4 a4 1/2-1/2

[Event "33. Seebach-Open"]
[Site "Grossenseebach"]
[Date "2024.06.01"]
[Round "5.24"]
[White "Rosin, Ralf"]
[Black "Wallrab, Armin"]
[Result "1-0"]
[WhiteElo "1915"]
[BlackElo "1598"]
[PlyCount "51"]
[EventDate "2024.??.??"]
[WhiteTeam "FSV Großenseebach"]
[BlackTeam "SV Ilmmünster"]

1. d4 Nf6 2. Bg5 g6 3. e3 Bg7 4. Bd3 d6 5. Nd2 O-O 6. f4 Qe8 7. Ngf3 Nbd7 8.
O-O e5 9. fxe5 dxe5 10. Bxf6 Bxf6 11. Qe1 Bg7 12. c3 Kh8 13. Qg3 exd4 14. Nxd4
c6 15. Ne4 Be5 16. Qh4 Bg7 17. Rae1 Ne5 18. Bc2 b6 19. Nf3 Nxf3+ 20. Rxf3 f5
21. Ng5 h6 22. Nh3 Kg8 23. Rg3 g5 24. Rxg5 hxg5 25. Nxg5 Qg6 26. Bb3+ 1-0

[Event "33. Seebach-Open"]
[Site "Grossenseebach"]
[Date "2024.06.01"]
[Round "5.25"]
[White "Ruderer, Alexander"]
[Black "Diller, Marianne"]
[Result "0-1"]
[WhiteElo "1740"]
[BlackElo "1844"]
[PlyCount "60"]
[EventDate "2024.??.??"]
[WhiteTeam "SC Heideck-Hilpoltstein"]
[BlackTeam "SK Rothenburg e.V."]

1. d4 d5 2. Nf3 Nf6 3. c3 e6 4. Bf4 Bd6 5. Bg3 O-O 6. e3 Re8 7. Nbd2 Nc6 8. Qb3
a6 9. a4 h6 10. Bd3 e5 11. dxe5 Bxe5 12. Nxe5 Nxe5 13. Bb1 c5 14. O-O c4 15.
Qa3 Bd7 16. e4 Bc6 17. Re1 b5 18. Bc2 dxe4 19. Nxe4 Bxe4 20. Bxe4 Nxe4 21. Rxe4
Nd3 22. Rd4 Qb6 23. b3 b4 24. Qa2 bxc3 25. Rxc4 Rac8 26. Rxc8 Rxc8 27. Qc2 Nb4
28. Qe2 c2 29. Bf4 Qd4 30. Re1 Qxf4 0-1

[Event "33. Seebach-Open"]
[Site "Grossenseebach"]
[Date "2024.06.01"]
[Round "5.27"]
[White "Kwossek, Martin"]
[Black "Vennemann, Juergen"]
[Result "1/2-1/2"]
[WhiteElo "1724"]
[BlackElo "1831"]
[PlyCount "59"]
[EventDate "2024.??.??"]
[WhiteTeam "SC Kitzingen von 1905"]
[BlackTeam "SC Hersbruck"]

1. d4 d6 2. Nf3 Nf6 3. Bf4 g6 4. e3 Bg7 5. Be2 O-O 6. h3 Nbd7 7. Nbd2 Re8 8. c3
e5 9. dxe5 dxe5 10. Bh2 e4 11. Nd4 c5 12. N4b3 a5 13. Nc1 Ne5 14. Qc2 Bf5 15.
Bxe5 Rxe5 16. O-O Rd5 17. Rd1 Qd7 18. Nc4 Rd8 19. Rxd5 Nxd5 20. Nb3 b6 21. Rd1
a4 22. Nc1 Qc6 23. g4 Be6 24. Qxe4 f5 25. Qg2 b5 26. Na3 b4 27. Nb5 Rb8 28. c4
Ne7 29. Qxc6 Nxc6 30. Rd6 1/2-1/2

[Event "33. Seebach-Open"]
[Site "Grossenseebach"]
[Date "2024.06.01"]
[Round "5.28"]
[White "Martin Fernandez, Felix"]
[Black "Keck, Johannes"]
[Result "0-1"]
[WhiteElo "1430"]
[BlackElo "1825"]
[PlyCount "48"]
[EventDate "2024.??.??"]
[WhiteTeam "SC Erlangen 48/88"]
[BlackTeam "SC Erlangen 48/88"]

1. e4 e6 2. d4 d5 3. Nc3 Nf6 4. exd5 exd5 5. Nf3 Bd6 6. Bd3 O-O 7. O-O c6 8.
Be3 Bg4 9. h3 Bh5 10. Be2 Nbd7 11. Nh4 Bxe2 12. Qxe2 Re8 13. Nf5 Nf8 14. Qf3
Ng6 15. Nxd6 Qxd6 16. Rfe1 h6 17. a3 b6 18. Ne2 Re4 19. Ng3 Nh4 20. Qd1 Re7 21.
Qd2 Rae8 22. Re2 Ne4 23. Nxe4 Rxe4 24. Rae1 Qg6 0-1

[Event "33. Seebach-Open"]
[Site "Grossenseebach"]
[Date "2024.06.01"]
[Round "5.29"]
[White "Bauschke, Norman"]
[Black "Schmahl, Stephan"]
[Result "0-1"]
[WhiteElo "1636"]
[BlackElo "2007"]
[PlyCount "106"]
[EventDate "2024.??.??"]
[WhiteTeam "SC Höchstadt/Aisch"]
[BlackTeam "SC Windischeschenbach"]

1. Nf3 Nf6 2. g3 b6 3. Bg2 Bb7 4. O-O e6 5. d3 d5 6. Nbd2 Nbd7 7. c3 Be7 8. Re1
O-O 9. e4 dxe4 10. Nxe4 Nxe4 11. dxe4 Nc5 12. Qc2 Qd3 13. Qxd3 Nxd3 14. Re3
Rfd8 15. Nd4 Nxc1 16. Rxc1 e5 17. Nf3 f6 18. b4 Bc8 19. a3 Be6 20. Bf1 a5 21.
h4 axb4 22. cxb4 c5 23. bxc5 Bxc5 24. Rec3 Bxa3 25. Ra1 Bc5 26. Rxa8 Rxa8 27.
Kg2 Ra2 28. Kg1 Bxf2+ 29. Kh1 Bc5 30. Bc4 Bxc4 31. Rxc4 Kf7 32. Rc1 Re2 33. Rc4
Kg6 34. g4 h5 35. g5 Rf2 36. Rc3 Bd4 37. Nxd4 exd4 38. Rd3 Rf4 39. Rxd4 Rxh4+
40. Kg2 Rg4+ 41. Kf3 Rxg5 42. Rd6 b5 43. Kf4 h4 44. Rd3 Kf7 45. Rh3 Rh5 46. Kg4
Re5 47. Re3 f5+ 48. Kh3 Rxe4 49. Rc3 b4 50. Rc7+ Kf6 51. Rb7 g5 52. Rb6+ Ke5
53. Rb8 Kf4 0-1

[Event "33. Seebach-Open"]
[Site "Grossenseebach"]
[Date "2024.06.01"]
[Round "5.30"]
[White "Kreiner, Daniel"]
[Black "Seibold, Hubert"]
[Result "0-1"]
[WhiteElo "1615"]
[BlackElo "1996"]
[PlyCount "50"]
[EventDate "2024.??.??"]
[WhiteTeam "FSV Großenseebach"]
[BlackTeam "SK Zirndorf e.V."]

1. e4 c5 2. Nf3 g6 3. d4 cxd4 4. Nxd4 Bg7 5. Nc3 Nc6 6. Be3 Nf6 7. h3 O-O 8.
Bc4 Nxe4 9. Nxe4 d5 10. Nxc6 bxc6 11. Bxd5 cxd5 12. Ng3 Bxb2 13. Rb1 Bg7 14.
O-O e5 15. c3 Be6 16. Qa4 Qc7 17. Rfc1 Rfb8 18. Ne2 a6 19. f4 Rxb1 20. Rxb1 Bd7
21. Qb3 Bc6 22. fxe5 Qxe5 23. Kf2 Re8 24. Qb6 d4 25. Qxd4 Qf5+ 0-1

[Event "33. Seebach-Open"]
[Site "Grossenseebach"]
[Date "2024.06.01"]
[Round "5.31"]
[White "Wolf, Moritz"]
[Black "Bruss, Robert"]
[Result "1-0"]
[WhiteElo "1601"]
[BlackElo "1994"]
[PlyCount "57"]
[EventDate "2024.??.??"]
[WhiteTeam "TSV Cadolzburg e.V."]
[BlackTeam "SV Altensittenbach"]

1. e4 c5 2. Nf3 d6 3. d4 cxd4 4. Nxd4 Nf6 5. f3 e5 6. Nb3 d5 7. Bg5 Be6 8. Bxf6
gxf6 9. exd5 Bxd5 10. Nc3 Bb4 11. Bb5+ Nc6 12. Qd3 a6 13. O-O-O Bxc3 14. Bxc6+
Bxc6 15. Qxc3 Qe7 16. Rhe1 O-O 17. f4 e4 18. Nd4 Kh8 19. Nf5 Qe6 20. Rd6 Qxf5
21. Rxf6 Qxf6 22. Qxf6+ Kg8 23. Re3 Rfd8 24. Rg3+ Kf8 25. Rg7 Bd5 26. Rg5 Bc6
27. Re5 Kg8 28. Qh6 e3 29. Rg5+ 1-0

[Event "33. Seebach-Open"]
[Site "Grossenseebach"]
[Date "2024.06.01"]
[Round "5.32"]
[White "Pflaum, Stefan"]
[Black "Waschner, Richard"]
[Result "0-1"]
[WhiteElo "1985"]
[BlackElo "1638"]
[PlyCount "49"]
[EventDate "2024.??.??"]
[WhiteTeam "SC Schachmatt Botnang"]
[BlackTeam "Spvg Zabo-Eintracht Nürnberg e.V"]

1. c4 c6 2. d4 d5 3. cxd5 cxd5 4. Bf4 Nf6 5. Nc3 Nc6 6. e3 Bg4 7. Qb3 Qd7 8. h3
Bf5 9. Nf3 a6 10. Ne5 Nxe5 11. dxe5 Be6 12. Qa3 Rd8 13. exf6 exf6 14. Qa4 Qxa4
15. Nxa4 d4 16. O-O-O b5 17. exd4 bxa4 18. Bxa6 Be7 19. Kb1 O-O 20. Be3 a3 21.
b3 Rd6 22. Bd3 g5 23. g4 Rb8 24. Rc1 Bd5 25. Rhg1 0-1

[Event "33. Seebach-Open"]
[Site "Grossenseebach"]
[Date "2024.06.01"]
[Round "5.33"]
[White "Brunsch, Michael"]
[Black "Zagrada, Halil"]
[Result "1-0"]
[WhiteElo "1936"]
[BlackElo "1632"]
[PlyCount "60"]
[EventDate "2024.??.??"]
[WhiteTeam "SC Höchstadt/Aisch"]
[BlackTeam "BSG Wöhrlhaus Erlangen"]

1. e4 e6 2. d4 d5 3. e5 c5 4. c3 Nc6 5. Nf3 b6 6. Be2 cxd4 7. cxd4 Bb4+ 8. Kf1
f6 9. Bf4 fxe5 10. Nxe5 Nxe5 11. Bxe5 Nf6 12. Qa4+ Kf7 13. Qxb4 Rf8 14. Qd6 Nd7
15. Nc3 Qg5 16. g3 Qd2 17. Rb1 Nxe5 18. Qxe5 Kg8 19. Kg2 Qh6 20. Bd3 Bb7 21. h4
g6 22. f4 Rae8 23. h5 Qg7 24. hxg6 hxg6 25. Bxg6 Re7 26. Bh7+ Kf7 27. Qxg7+
Kxg7 28. Bd3 a6 29. Rh7+ Kf6 30. Rbh1 Rff7 1-0

[Event "33. Seebach-Open"]
[Site "Grossenseebach"]
[Date "2024.06.01"]
[Round "5.34"]
[White "Hock, Gerold"]
[Black "Averkova, Mariia"]
[Result "1-0"]
[WhiteElo "1916"]
[BlackElo "1615"]
[PlyCount "61"]
[EventDate "2024.??.??"]
[WhiteTeam "SC Sulzbach"]
[BlackTeam "SC 1868 Bamberg"]

1. b3 e5 2. Bb2 Nc6 3. e3 Bb4 4. a3 Be7 5. b4 d6 6. c4 Nf6 7. d4 exd4 8. exd4
d5 9. c5 a6 10. Nf3 Bg4 11. Be2 O-O 12. O-O h6 13. Ne5 Nxe5 14. dxe5 Bxe2 15.
Qxe2 Ne4 16. f3 Ng5 17. f4 Ne4 18. f5 f6 19. e6 c6 20. Bd4 Qb8 21. Nd2 Nxd2 22.
Qxd2 Bd8 23. Rae1 Bc7 24. e7 Bxh2+ 25. Kh1 Re8 26. Bxf6 Bc7 27. Bxg7 Kf7 28.
Qe2 Qc8 29. Qh5+ Kxg7 30. f6+ Kg8 31. Qg6+ 1-0

[Event "33. Seebach-Open"]
[Site "Grossenseebach"]
[Date "2024.06.01"]
[Round "5.35"]
[White "Savchuk, Alexander"]
[Black "Strobl, Thomas"]
[Result "1/2-1/2"]
[WhiteElo "1896"]
[BlackElo "1585"]
[PlyCount "56"]
[EventDate "2024.??.??"]
[WhiteTeam "SC Uttenreuth e.V."]
[BlackTeam "TSV 1860 Weißenburg e.V."]

1. e4 d5 2. exd5 Qxd5 3. Nc3 Qd8 4. Nf3 Nf6 5. d4 Bf5 6. Ne5 Be6 7. Be3 c6 8.
Be2 g6 9. Qd2 Bg7 10. h4 Nbd7 11. Nd3 Nd5 12. O-O-O Nxe3 13. fxe3 Nf6 14. Nc5
Qc7 15. Nxe6 fxe6 16. e4 h5 17. Kb1 O-O-O 18. e5 Bh6 19. Qd3 Nd5 20. Nxd5 exd5
21. Qxg6 Rdg8 22. Qe6+ Qd7 23. Qf7 e6 24. Bxh5 Rxg2 25. Qf6 Qh7 26. Qxe6+ Kb8
27. Qd6+ Ka8 28. Qc5 Bf8 1/2-1/2

[Event "33. Seebach-Open"]
[Site "Grossenseebach"]
[Date "2024.06.01"]
[Round "5.36"]
[White "Dreyer, Andre"]
[Black "Frysztacki, Marco"]
[Result "1/2-1/2"]
[WhiteElo "1832"]
[BlackElo "1605"]
[PlyCount "29"]
[EventDate "2024.??.??"]
[WhiteTeam "SV Stockenhausen-Frommern"]
[BlackTeam "SV Lauf a.d.P."]

1. d4 Nf6 2. c4 e6 3. Nc3 d5 4. Bg5 Nbd7 5. e3 Be7 6. Nf3 a6 7. Rc1 O-O 8. Qc2
dxc4 9. Bxc4 b5 10. Be2 Bb7 11. O-O h6 12. Bh4 c5 13. Rfd1 Qb6 14. dxc5 Bxc5
15. a3 1/2-1/2

[Event "33. Seebach-Open"]
[Site "Grossenseebach"]
[Date "2024.06.01"]
[Round "5.37"]
[White "Vaas, Andreas"]
[Black "Zyadah, Mahmoud"]
[Result "1-0"]
[WhiteElo "1804"]
[BlackElo "1581"]
[PlyCount "112"]
[EventDate "2024.??.??"]
[WhiteTeam "SK Dinkelsbühl e.V."]
[BlackTeam "SF Riedlingen"]

1. b3 e5 2. Bb2 d6 3. g3 Bd7 4. Bg2 Bc6 5. e4 Nf6 6. d3 Be7 7. Ne2 Nbd7 8. O-O
O-O 9. c4 b6 10. Nbc3 Bb7 11. Rc1 c5 12. Rc2 h6 13. Bc1 Nb8 14. a3 Nc6 15. Nd5
Nd4 16. Nxd4 cxd4 17. f4 Bxd5 18. exd5 Nh7 19. Rcf2 Bf6 20. Be4 Qe7 21. Qg4 Kh8
22. Qh5 exf4 23. Bxf4 Bg5 24. h4 Bxf4 25. Rxf4 Kg8 26. g4 Qe5 27. Bxh7+ Kxh7
28. Qf5+ Qxf5 29. Rxf5 f6 30. R5f4 Rfe8 31. Rxd4 Re3 32. Kg2 Rae8 33. b4 Re2+
34. Rf2 Re1 35. Rc2 Ra1 36. Re4 Rxe4 37. dxe4 Rd1 38. c5 bxc5 39. bxc5 dxc5 40.
Rxc5 Rd4 41. Kf3 Rd3+ 42. Kf4 Rxa3 43. d6 g5+ 44. hxg5 hxg5+ 45. Kf5 Kg7 46.
Rc7+ Kh6 47. Kxf6 Ra6 48. Ke7 Ra5 49. Ke6 Ra6 50. e5 Ra4 51. d7 Ra6+ 52. Ke7
Rg6 53. d8=Q Rg7+ 54. Kd6 Rg6+ 55. e6 Rg8 56. Qf6+ Rg6 1-0

[Event "33. Seebach-Open"]
[Site "Grossenseebach"]
[Date "2024.06.01"]
[Round "5.38"]
[White "Poelsterl, Hans"]
[Black "Nesmjanowitsch, Julia"]
[Result "1-0"]
[WhiteElo "1798"]
[BlackElo "1580"]
[PlyCount "103"]
[EventDate "2024.??.??"]
[WhiteTeam "SK Nürnberg 1911 e.V."]
[BlackTeam "SC JÄKLECHEMIE Talente Franken e"]

1. c4 c5 2. Nc3 Nf6 3. g3 d5 4. cxd5 Nxd5 5. Bg2 e6 6. Nf3 Nc6 7. O-O Be7 8. a3
O-O 9. d3 f5 10. Qb3 Nxc3 11. bxc3 Kh8 12. Bf4 Bd6 13. Bg5 Qc7 14. e4 Ne5 15.
Nxe5 Bxe5 16. Rab1 Rb8 17. Be3 f4 18. Bxc5 Qxc5 19. d4 Bxd4 20. cxd4 Qxd4 21.
Rbd1 Qe5 22. Qb4 Qf6 23. Qd6 Ra8 24. gxf4 h6 25. Rd3 Qxf4 26. e5 Rf5 27. Rf3
Qxe5 28. Qd8+ Kh7 29. Re3 Qf6 30. Qd3 Kg8 31. Be4 Rg5+ 32. Rg3 e5 33. h4 Rxg3+
34. fxg3 Qb6+ 35. Kg2 Be6 36. Rb1 Rd8 37. Rxb6 Rxd3 38. Rxe6 Rxa3 39. Bxb7 Ra2+
40. Kh3 Ra5 41. Ra6 Rxa6 42. Bxa6 Kf7 43. Kg4 Kf6 44. Bd3 a5 45. Bc2 g6 46. h5
g5 47. Kf3 Kg7 48. g4 Kf6 49. Bb3 Ke7 50. Ke3 Kd7 51. Ke4 Kd6 52. Kf5 1-0

[Event "33. Seebach-Open"]
[Site "Grossenseebach"]
[Date "2024.06.01"]
[Round "5.39"]
[White "Tokgoez, Furkan"]
[Black "Dennerlein, Marius"]
[Result "1-0"]
[WhiteElo "1759"]
[BlackElo "1578"]
[PlyCount "115"]
[EventDate "2024.??.??"]
[WhiteTeam "SC Noris-Tarrasch Nürnberg 1873"]
[BlackTeam "SC Wassertrüdingen"]

1. e4 c5 2. Nf3 Nc6 3. d4 cxd4 4. Nxd4 d6 5. Bc4 Nf6 6. Nc3 g6 7. Be3 Bg7 8.
O-O O-O 9. h3 a6 10. f4 Nxd4 11. Bxd4 b5 12. Bxf6 Bxf6 13. Bb3 Qb6+ 14. Kh1
Bxc3 15. bxc3 Bb7 16. Bd5 Bxd5 17. Qxd5 Qc5 18. Qxc5 dxc5 19. Rad1 Rfd8 20. Rd3
c4 21. Rd4 Rxd4 22. cxd4 c3 23. a3 a5 24. Kg1 b4 25. Kf2 Rb8 26. axb4 axb4 27.
Rb1 e6 28. Ke3 Kg7 29. Kd3 h5 30. Rb3 h4 31. Kc4 Ra8 32. Kxb4 Ra1 33. Kxc3 Rg1
34. d5 exd5 35. exd5 Rxg2 36. Kd4 Rxc2 37. d6 Kf6 38. Re3 Rd2+ 39. Kc5 Rc2+ 40.
Kb6 Rd2 41. Kc7 Rc2+ 42. Kd8 Ra2 43. d7 Ra8+ 44. Kc7 Ra7+ 45. Kc8 Kf5 46. Rf3
Ke4 47. Rf1 f6 48. d8=Q Ra8+ 49. Kc7 Rxd8 50. Kxd8 Kf5 51. Ke7 g5 52. fxg5+
Kxg5 53. Rxf6 Kh5 54. Rf8 Kg6 55. Ke6 Kh6 56. Kf6 Kh7 57. Ra8 Kh6 58. Rh8# 1-0

[Event "33. Seebach-Open"]
[Site "Grossenseebach"]
[Date "2024.06.01"]
[Round "5.40"]
[White "Barsov, Mikhail"]
[Black "Kromer, Thomas"]
[Result "0-1"]
[WhiteElo "1576"]
[BlackElo "1754"]
[PlyCount "56"]
[EventDate "2024.??.??"]
[WhiteTeam "SK Gräfelfing"]
[BlackTeam "SF Riedlingen"]

1. c4 Nf6 2. Nc3 d6 3. g3 e5 4. Bg2 c6 5. e4 Be6 6. Qb3 Na6 7. d3 Be7 8. Nge2
b5 9. Be3 Ng4 10. Nd1 Nxe3 11. Nxe3 Nc5 12. Qc2 Qa5+ 13. Kf1 O-O 14. Nf5 Bf6
15. Rd1 bxc4 16. dxc4 Qxa2 17. Nxd6 Rab8 18. Rb1 Rfd8 19. Nc1 Qa6 20. Nf5 Bxc4+
21. Kg1 Nb3 22. Nxb3 Rxb3 23. Ne3 Rxe3 24. fxe3 Bd3 25. Qc1 Bxb1 26. Qxb1 Qe2
27. Qf1 Rd1 28. b4 Qxe3# 0-1

[Event "33. Seebach-Open"]
[Site "Grossenseebach"]
[Date "2024.06.01"]
[Round "5.41"]
[White "Schaefer, Ann-Kathrin"]
[Black "Weissmann, Peter"]
[Result "0-1"]
[WhiteElo "1744"]
[BlackElo "1568"]
[PlyCount "144"]
[EventDate "2024.??.??"]
[WhiteTeam "SC JÄKLECHEMIE Talente Franken e"]
[BlackTeam "SGem 1882 Fürth"]

1. d4 Nf6 2. Nf3 e6 3. e3 b6 4. Bd3 Bb7 5. b3 d5 6. Bb2 Nbd7 7. Nbd2 c5 8. O-O
Be7 9. Ne5 Nxe5 10. dxe5 Nd7 11. f4 Qc7 12. a4 a6 13. Qg4 g6 14. Qe2 f5 15. Nf3
h5 16. h4 Kf7 17. c4 Rhd8 18. Ng5+ Bxg5 19. hxg5 h4 20. cxd5 Bxd5 21. Bc4 Nb8
22. Rad1 Bxc4 23. Qxc4 Nc6 24. Rxd8 Qxd8 25. Qc2 Nb4 26. Qc4 Qd3 27. Qxd3 Nxd3
28. Bc3 Ke7 29. Rd1 Rd8 30. Kf1 Rd5 31. Ke2 Nb4 32. Rxd5 Nxd5 33. Be1 Kd7 34.
Bxh4 Kc6 35. Be1 b5 36. axb5+ axb5 37. Kd3 Nb6 38. Bd2 Kd5 39. Ba5 c4+ 40.
bxc4+ bxc4+ 41. Kc3 Na4+ 42. Kb4 Nb2 43. Bb6 Nd1 44. Bd4 Nf2 45. Kc3 Ng4 46.
Kb4 Nf2 47. Kb5 Nd3 48. Kb6 Ne1 49. g3 Nc2 50. Bc5 Na1 51. Bd4 Nb3 52. Bb2 Nd2
53. Kc7 Nf1 54. Bd4 Nxg3 55. Kd7 Ne4 56. Ke7 c3 57. Kf7 c2 58. Bb2 Nc5 59. Kxg6
Nd3 60. Ba3 Ke4 61. Kf6 Kxe3 62. g6 Nxf4 63. Kf7 Nxg6 64. Kxg6 f4 65. Kf6 f3
66. Kxe6 Kd3 67. Kd7 f2 68. e6 f1=Q 69. e7 Qf5+ 70. Kd8 Qa5+ 71. Kd7 Qxa3 72.
e8=Q Qa4+ 0-1

[Event "33. Seebach-Open"]
[Site "Grossenseebach"]
[Date "2024.06.01"]
[Round "5.42"]
[White "Schwab, Philipp"]
[Black "Fridlin, Daniel"]
[Result "1/2-1/2"]
[WhiteElo "1500"]
[BlackElo "1741"]
[PlyCount "81"]
[EventDate "2024.??.??"]
[WhiteTeam "SC Forchheim e.V."]
[BlackTeam "SC Noris-Tarrasch Nürnberg 1873"]

1. b3 Nf6 2. Bb2 g6 3. e4 Bg7 4. Bc4 d6 5. Nf3 O-O 6. d3 c5 7. O-O a6 8. Nbd2
e6 9. d4 b5 10. Bd3 Bb7 11. Re1 Nc6 12. dxc5 dxc5 13. e5 Nd7 14. h4 Qc7 15. Qe2
Rad8 16. h5 Nb6 17. Ng5 Qe7 18. Qg4 Nd5 19. hxg6 fxg6 20. Nxe6 Bc8 21. Nxd8
Bxg4 22. Nxc6 Qc7 23. c4 Nf4 24. Be4 Ne2+ 25. Kh2 Qd7 26. Nf3 Nf4 27. Rad1 Qf7
28. Bc1 Bxf3 29. Bxf3 Kh8 30. g3 Ne6 31. Re3 Bh6 32. Red3 Bxc1 33. Rxc1 Ng5 34.
Bg2 Qf5 35. Rcd1 Ne6 36. R1d2 bxc4 37. bxc4 h5 38. Bh3 Qf7 39. Rd7 Qg8 40. Ne7
Qf7 41. Nc6 1/2-1/2

[Event "33. Seebach-Open"]
[Site "Grossenseebach"]
[Date "2024.06.01"]
[Round "5.43"]
[White "Held, Philip"]
[Black "Beimler, Christian"]
[Result "1/2-1/2"]
[WhiteElo "1317"]
[BlackElo "1696"]
[PlyCount "80"]
[EventDate "2024.??.??"]
[WhiteTeam "SC JÄKLECHEMIE Talente Franken e"]
[BlackTeam "SV Ilmmünster"]

1. e4 c6 2. d4 d5 3. e5 Bf5 4. h4 h6 5. g4 Be4 6. f3 Bh7 7. e6 Qd6 8. exf7+
Kxf7 9. Rh3 Nd7 10. Bd3 Re8 11. Bxh7 Rxh7 12. f4 c5 13. Qd3 Ngf6 14. Nc3 cxd4
15. g5 Qe6+ 16. Nce2 Ne4 17. Bd2 Ndc5 18. Qxd4 Qc6 19. O-O-O Rc8 20. Nc3 Ne6
21. Qxd5 Qxd5 22. Nxd5 Nf2 23. f5 hxg5 24. fxe6+ Kxe6 25. Ne3 Nxh3 26. Nxh3
Rxh4 27. Nxg5+ Kf6 28. Nf3 Rh8 29. Bc3+ Kf7 30. Ne5+ Ke8 31. Nd5 e6 32. Nf4 Rh6
33. Rd7 g5 34. Nfd3 g4 35. Kd2 Rh2+ 36. Ke1 g3 37. Kf1 Rxc2 38. Rxb7 Bh6 39.
Ng4 Bd2 40. Be5 Rd8 1/2-1/2

[Event "33. Seebach-Open"]
[Site "Grossenseebach"]
[Date "2024.06.01"]
[Round "5.44"]
[White "Schuetze, Benjamin"]
[Black "Kozic, David"]
[Result "1-0"]
[WhiteElo "1685"]
[BlackElo "1565"]
[PlyCount "65"]
[EventDate "2024.??.??"]
[WhiteTeam "FSV Großenseebach"]
[BlackTeam "SV Lauf a.d.P."]

1. e4 e5 2. Nf3 Nf6 3. Nc3 Nc6 4. Bb5 Bc5 5. O-O d6 6. h3 Bd7 7. d3 h6 8. Be3
Nd4 9. Bxd7+ Qxd7 10. Nd5 a6 11. Nxf6+ gxf6 12. c3 Ne6 13. Nh4 O-O-O 14. Nf5 h5
15. d4 Ba7 16. d5 Bxe3 17. dxe6 Bxf2+ 18. Rxf2 fxe6 19. Ne3 Qg7 20. Qf3 Rdf8
21. Raf1 Rh6 22. c4 c6 23. Rd2 Rd8 24. b4 Rd7 25. a4 Qf8 26. b5 axb5 27. axb5
c5 28. b6 Rf7 29. Ra1 Kd7 30. Ra7 Kc6 31. Qd1 Kxb6 32. Qa4 Qb8 33. Ra8 1-0

[Event "33. Seebach-Open"]
[Site "Grossenseebach"]
[Date "2024.06.01"]
[Round "5.45"]
[White "Walter, Manfred"]
[Black "Kuhmann, Silas"]
[Result "1/2-1/2"]
[WhiteElo "1685"]
[BlackElo "1498"]
[PlyCount "89"]
[EventDate "2024.??.??"]
[WhiteTeam "SV Lauf a.d.P."]
[BlackTeam "TSV Kirchehrenbach"]

1. Nf3 f5 2. g3 Nf6 3. Bg2 d6 4. d4 e6 5. b3 Be7 6. Bb2 O-O 7. O-O Qe8 8. Nbd2
Nbd7 9. Re1 Ne4 10. Nxe4 fxe4 11. Nd2 d5 12. f3 exf3 13. exf3 Nf6 14. f4 Bb4
15. c3 Ba5 16. Qe2 Qf7 17. Bh3 Re8 18. Qf2 Bd7 19. a4 a6 20. Re2 Re7 21. Rae1
b5 22. b4 Bb6 23. a5 Ba7 24. Re3 Rae8 25. Kg2 g6 26. g4 c6 27. f5 e5 28. fxg6
Qxg6 29. Rf1 Nh5 30. Kh1 Nf4 31. Bc1 Nd3 32. Qe2 e4 33. Rg1 Rf8 34. Rxd3 Ref7
35. Rdg3 Bb8 36. R3g2 Qh6 37. g5 Qxh3 38. g6 hxg6 39. Rxg6+ Kh7 40. Qg2 Qxg2+
41. R6xg2 Kh8 42. Nb3 Rf2 43. Rxf2 Rxf2 44. Rg2 Rf1+ 45. Rg1 1/2-1/2

[Event "33. Seebach-Open"]
[Site "Grossenseebach"]
[Date "2024.06.01"]
[Round "5.46"]
[White "Sammer, Fabian"]
[Black "Bauenschmidt, Lars"]
[Result "1-0"]
[WhiteElo "1672"]
[BlackElo "1256"]
[PlyCount "46"]
[EventDate "2024.??.??"]
[WhiteTeam "SC JÄKLECHEMIE Talente Franken e"]
[BlackTeam "FSV Großenseebach"]

1. Nf3 Nf6 2. d4 g6 3. g3 Bg7 4. Bg2 c5 5. O-O cxd4 6. Nxd4 O-O 7. c4 Nc6 8.
Nc3 Qb6 9. Nb3 Qb4 10. Nd2 d6 11. a3 Qa5 12. Rb1 Ng4 13. h3 Nh6 14. b4 Qh5 15.
Nd5 a6 16. Nf3 Bxh3 17. b5 Bxg2 18. Kxg2 axb5 19. Rh1 Qf5 20. Bxh6 bxc4 21.
Bxg7 Kxg7 22. Rxb7 Rxa3 23. Nxe7 Qc8 1-0